|
|
|
|
| LEADER |
00000naa2a2200000 4500 |
| 001 |
400279 |
| 005 |
20231101065353.0 |
| 035 |
|
|
|a (RuTPU)RU\TPU\prd\42465
|
| 035 |
|
|
|a RU\TPU\prd\42463
|
| 090 |
|
|
|a 400279
|
| 100 |
|
|
|a 20060405a2002 k y0rusy50 ca
|
| 101 |
0 |
|
|a rus
|
| 102 |
|
|
|a RU
|
| 200 |
1 |
|
|a "Свет мой, зеркальце, скажи...", или еще раз о профессиональном самосознании провинциальных библиотекарей
|f О. А. Щербакова
|
| 225 |
1 |
|
|a Опыт: поиски находки
|
| 461 |
|
0 |
|0 (RuTPU)RU\TPU\prd\7961
|t Библиотечное дело - XXI век
|o приложение к журналу "Библиотековедение"
|o научно-практический сборник
|d 2002-
|
| 463 |
|
0 |
|0 (RuTPU)RU\TPU\prd\7962
|t № 1
|v С. 235-241
|d 2002
|
| 610 |
1 |
|
|a библиотеки
|
| 610 |
1 |
|
|a семинары
|
| 610 |
1 |
|
|a ЦБС
|
| 610 |
1 |
|
|a централизованная библиотечная система
|
| 610 |
1 |
|
|a библиотечная профессия
|
| 610 |
1 |
|
|a библиотекари
|
| 610 |
1 |
|
|a данные анализа
|
| 610 |
1 |
|
|a анализ
|
| 610 |
1 |
|
|a опрос пользователей
|
| 610 |
1 |
|
|a пользователи
|
| 610 |
1 |
|
|a управление персоналом
|
| 610 |
1 |
|
|a персонал
|
| 700 |
|
1 |
|a Щербакова
|b О. А.
|g Ольга Алексеевна
|
| 801 |
|
1 |
|a RU
|b 63413507
|c 20050413
|g PSBO
|
| 801 |
|
2 |
|a RU
|b 63413507
|c 20060405
|g PSBO
|
| 942 |
|
|
|c BK
|